LEADER 01461nam a2200337 u 4500 001 000000077992 003 CaOOAMICUS 005 20070226123400.0 008 040316s2001 it afo u000 u ita u 020 $a8845911160 035 $a10987083 040 $aPUL(R)$bita 041 0 $aita$hrus 100 1 $aFlorenskij, Pavel Aleksandrovi?,$d1882-1937.$0(OLS)http://pul/name/12952 245 13$aLo spazio e il tempo nell'arte /$cPavel Florenskij ; a cura di Nicoletta Misler. 250 $a2. ed. 260 $aMilano :$bAdelphi,$c2001. 300 $a406 p. :$bill., tav. (incl. fot.) ;$c24 cm 490 1 $aIl ramo d'oro ;$v26 500 $a"Appendice di Oleg Genisaretskij": p. [349]-366. 504 $a"Bibliografia dei testi di Florenskij tradotti in italiano": p. [403]-404. 650 4$aCritica d'arte ed estetica.$0(OLS)http://pul/subject/15941 700 1 $aGenisaretskij, Oleg.$0(OLS)http://pul/name/22592 700 1 $aMisler, Nicoletta,$d1946-$0(OLS)http://pul/name/22591 830 3$aIl ramo d'oro ;$v26.$0(OLS)http://pul/title/37808 850 $aPUL 852 $aPUL$W1$xDP1 Cons. Gen., Altre Classi 1$y22$m143 A 71$j100095$nBK-PRI$b $qStampati$B100095$CPULBib$Z2$F100095 $HPUL87889 $81 941 1 $a8 996 $6020$a8845911160$9(OLS)http://pul/number/34305 996 $6245$aLo spazio e il tempo nell'arte$9(OLS)http://pul/title/37807 996 $6260$aMilano :$bAdelphi$9(OLS)http://pul/publisher/51018 LEADER 01232nam a2200301 u 4500 001 000000045703 003 CaOOAMICUS 005 20070226114706.0 008 990614s1997 it u000 u ita u 020 $a8831101129 035 $a10826630 040 $aPUL(R)$bita 100 1 $aMura, Gaspare,$d1937-$0(OLS)http://pul/name/5566 245 10$aErmeneutica e verità :$bstoria e problemi della filosofia dell'interpretazione /$cGaspare Mura. 250 $a2 ed. 260 $aRoma :$bCittà Nuova,$cc1997. 300 $a516 p. ;$c20 cm 490 1 $aIdee.$aFilosofia ;$v112 504 $aBibliografia: p. [441]-510. 650 4$aErmeneutica.$0(OLS)http://pul/subject/438 830 0$aIdee.$pFilosofia ;$v112.$0(OLS)http://pul/title/10408 850 $aPUL 852 $aPUL$W1$xSL Filosofia 2$y80$mPhil A15 112$j61366$nBK-PRI$b $qStampati altre collocazioni$B61366$CPULBib$Z2$F61366 $H $81 941 1 $a10 961 $aINV: 76574 996 $6020$a8831101129$9(OLS)http://pul/number/56996 996 $6245$aErmeneutica e verità :$bstoria e problemi della filosofia dell'interpretazione$9(OLS)http://pul/title/61634 996 $6260$aRoma :$bCittà Nuova$9(OLS)http://pul/publisher/47927